Arrondissements du Grand Est - Statistiques

Statistiques générales
  • Ce quiz a été pris 22 fois
  • Le résultat moyen est 23 sur 38
Réponses sur la Carte
Les réponses sont colorées sur une échelle allant du rouge au vert en fonction du pourcentage des utilisateurs qui les ont devinées à leur premier essai. Vous pouvez retrouver ces pourcentages ci-dessous.
 
Statistiques - réponses
Département Code d'arrondissement Nom d'arrondissement % Correct
67 678 Strasbourg
100%
57 579 Metz
95%
88 881 Épinal
89%
68 684 Mulhouse
89%
54 543 Nancy
89%
51 513 Reims
89%
10 103 Troyes
89%
68 682 Colmar-Ribeauvillé
84%
51 511 Châlons-en-Champagne
74%
08 081 Charleville-Mézières
74%
55 553 Verdun
74%
55 551 Bar-le-Duc
68%
52 521 Chaumont
68%
88 883 Saint-Dié-des-Vosges
68%
08 083 Sedan
68%
57 573 Forbach-Boulay-Moselle
63%
67 672 Haguenau-Wissembourg
63%
54 542 Lunéville
63%
57 577 Thionville
63%
51 512 Épernay
58%
52 523 Saint-Dizier
58%
52 522 Langres
53%
08 082 Rethel
53%
57 575 Sarrebourg-Château-Salins
53%
57 576 Sarreguemines
53%
67 674 Saverne
53%
67 675 Sélestat-Erstein
53%
51 514 Vitry-le-François
53%
10 101 Bar-sur-Aube
42%
55 552 Commercy
42%
88 882 Neufchâteau
42%
54 544 Toul
42%
68 681 Altkirc
37%
67 673 Molsheim
37%
68 686 Thann-Guebwiller
37%
10 102 Nogent-sur-Seine
32%
08 084 Vouziers
26%
54 541 Val-de-Briey
21%
Aucun quiz correspondant
Distribution des résultats
% des personnes avec chaque résultat
Percentile par nombre de réponses
Votre historique - résultats
Vous n’avez pas pris ce quiz